• 首页
  • 本馆介绍
  • 公告通知
  • 最新文献
  • 馆藏检索
  • 电子资源
  • 读者导购
  • 参考咨询
  • 我的图书馆
  • 登录
  • 详细信息显示
  • 放入我的书架
  • 预约/预借图书
  • 作者相关作品
  • 分类相关作品
  • 丛书相关作品
  • 出版社相关作品

书目信息

  • 表格格式
  • 工作单格式
  • 卡片格式
题名:
泵喷推进器的低噪声设计机理与设计应用
    
 
作者: 杨琼方 , 王永生 著
分册:  
出版信息: 武汉   华中科技大学出版社  2015.08
页数: 250页
开本: 26cm
丛书名:
单 册:
中图分类: V43
科图分类:
主题词: 航天器--航天推进--系统 , 航天推进 , 航天器--发动机
电子资源:
ISBN: 978-7-5680-1211-9
000 00749nam0 2200229 450
001 664
005 20160908144647.60
010    @a978-7-5680-1211-9@dCNY42.80
092    @bBEN
100    @a20160723d2015 km y0chiy0120 ea
101 0  @achi
200 1  @a泵喷推进器的低噪声设计机理与设计应用@Abeng pen tui jin qi de di zao sheng she ji ji li yu she ji ying yong@f杨琼方,王永生著@Fyang qiong fang,wang yong sheng zhu
210    @a武汉@c华中科技大学出版社@d2015.08
215    @a250页@d26cm
606 0  @a航天器@x航天推进@x系统
606 0  @a航天推进
606 0  @a航天器@x发动机
690    @aV43@v4
701  0 @a杨琼方@Ayang qiong fang@4著
701  0 @a王永生@Awang yong sheng@4著
801  0 @aCN@b唐山师范学院图书馆@c20160723
905    @aZUCC@dV43@e41
    
    泵喷推进器的低噪声设计机理与设计应用/杨琼方,王永生著.-武汉:华中科技大学出版社,2015.08
    250页;26cm
    
    
    ISBN 978-7-5680-1211-9:CNY42.80
    
●
相关链接 在E读中查询图书 在五车中查询图书 在当当中查询图书 在豆瓣中查询图书


正题名:泵喷推进器的低噪声设计机理与设计应用     索取号:V43/41         预约/预借

序号 登录号 条形码 馆藏地/架位号 状态 备注
1 902892   209028924   第二样本阅览室/ [索取号:V43/41] 在馆    
2 902893   209028933   密集书库-物理学院/ [索取号:V43/41] 在馆    
3 902894   209028942   第三借阅区/ [索取号:V43/41] 在馆    
4 902895   209028951   第三借阅区/ [索取号:V43/41] 在馆    
5 902896   209028960   第三借阅区/ [索取号:V43/41] 在馆    
唐山师范学院图书馆 欢迎您!
大连网信软件有限公司© 版权所有